|
|
|
|
| LEADER |
00000nam0a2200000 4500 |
| 001 |
135416 |
| 005 |
20250526105724.0 |
| 035 |
|
|
|a (RuTPU)RU\TPU\book\146762
|
| 090 |
|
|
|a 135416
|
| 100 |
|
|
|a 20080410d1984 m y0rusy5003 ca
|
| 101 |
0 |
|
|a rus
|
| 102 |
|
|
|a UA
|
| 105 |
|
|
|a a z 000zy
|
| 200 |
1 |
|
|a Победа советских шашистов в Бамоко
|f Р. С. Лещинский
|
| 210 |
|
|
|a Киев
|c Здоров,я
|d 1984
|
| 215 |
|
|
|a 119 с.
|c ил.
|
| 333 |
|
|
|a Исключено из фонда НТБ ТПУ
|
| 610 |
1 |
|
|a международные шашки
|
| 610 |
1 |
|
|a советские спортсмены
|
| 610 |
1 |
|
|a победа
|
| 610 |
1 |
|
|a чемпионаты мира
|
| 610 |
1 |
|
|a шашечные партии
|
| 675 |
|
|
|a 794.2
|
| 700 |
|
1 |
|a Лещинский
|b Р. С.
|g Ростислав Самуилович
|
| 801 |
|
0 |
|a RU
|b RuMRKP
|c 19950704
|g psbo
|
| 801 |
|
1 |
|a RU
|b 63413507
|c 20080410
|g PSBO
|
| 801 |
|
2 |
|a RU
|b 63413507
|c 20080410
|g PSBO
|
| 850 |
|
|
|a 63413507
|
| 942 |
|
|
|c BK
|